000 00802nam a2200217Ia 4500
999 _c37917
_d37917
001 3895
003 GE_BSU
005 20190820170747.0
008 181216s1961||||ge |||||||||||||| ||geo||
040 _cGE_BSU
041 _ageo
080 _a159.942.3 ქ–84
100 _aქუთელია, ალექსანდრე
_93708
245 _aსიცილი და მისი სოციალური ძალა /
_cრედ. ა. გაწერელია.
264 _a თბ. :
_bხელოვნება,
_c1961.
300 _a126 გვ.
_b22 სმ.
504 _aბიბლიოგრ. შენიშვნებში.
653 _aსიცილი
700 _aგაწერელია, ა.
_eრედაქტორი
_93709
942 _cBK
_2udc